Francisco Pizarro. (Record no. 51275)

MARC details
000 -LEADER
fixed length control field 00564cam a22002051 4500
001 - CONTROL NUMBER
control field pa 55000206
003 - CONTROL NUMBER IDENTIFIER
control field DLC
005 - DATE AND TIME OF LATEST TRANSACTION
control field 20260227111853.0
008 - FIXED-LENGTH DATA ELEMENTS--GENERAL INFORMATION
fixed length control field 880406s1954 dcuac 000 0 eng c
010 ## - LIBRARY OF CONGRESS CONTROL NUMBER
LC control number pa 55000206
035 ## - SYSTEM CONTROL NUMBER
System control number (OCoLC)17744768
040 ## - CATALOGING SOURCE
Original cataloging agency Pan American Union. Library
Transcribing agency LNT
Modifying agency LNT
-- DLC
042 ## - AUTHENTICATION CODE
Authentication code premarc
050 00 - LIBRARY OF CONGRESS CALL NUMBER
Classification number F3442
Item number .P719
110 2# - MAIN ENTRY--CORPORATE NAME
Corporate name or jurisdiction name as entry element Pan American Union.
245 00 - TITLE STATEMENT
Title Francisco Pizarro.
260 ## - PUBLICATION, DISTRIBUTION, ETC.
Place of publication, distribution, etc. Washington
Date of publication, distribution, etc. [1954]
300 ## - PHYSICAL DESCRIPTION
Extent 15 p.
Other physical details illus., port.
Dimensions 23 cm.
600 10 - SUBJECT ADDED ENTRY--PERSONAL NAME
Personal name Pizarro, Francisco,
Dates associated with a name approximately 1475-1541.

No items available.

Powered by Koha